<?xml version="1.0" encoding="UTF-8"?>
<record
    xmlns:xsi="http://www.w3.org/2001/XMLSchema-instance"
    xsi:schemaLocation="http://www.loc.gov/MARC21/slim http://www.loc.gov/standards/marcxml/schema/MARC21slim.xsd"
    xmlns="http://www.loc.gov/MARC21/slim">

  <leader>01781nam a22002417a 4500</leader>
  <controlfield tag="005">20231102151613.0</controlfield>
  <controlfield tag="008">131017t19962010ag ||||f |||| 00| 0 spa d</controlfield>
  <datafield tag="020" ind1=" " ind2=" ">
    <subfield code="a">978-950-12-8704-2</subfield>
  </datafield>
  <datafield tag="040" ind1=" " ind2=" ">
    <subfield code="a">RDA</subfield>
  </datafield>
  <datafield tag="050" ind1=" " ind2=" ">
    <subfield code="a">HM136 S83 2010</subfield>
  </datafield>
  <datafield tag="100" ind1=" " ind2=" ">
    <subfield code="a">SUARES, Marin&#xE9;s</subfield>
  </datafield>
  <datafield tag="245" ind1=" " ind2=" ">
    <subfield code="a">Mediaci&#xF3;n</subfield>
    <subfield code="b">: conducci&#xF3;n de disputas, comunicaci&#xF3;n y t&#xE9;cnica</subfield>
    <subfield code="c">/ Marin&#xE9;s Suares</subfield>
  </datafield>
  <datafield tag="260" ind1=" " ind2=" ">
    <subfield code="a">Buenos Aires</subfield>
    <subfield code="b">: Paid&#xF3;s</subfield>
    <subfield code="c">, 2010</subfield>
  </datafield>
  <datafield tag="300" ind1=" " ind2=" ">
    <subfield code="a">309 paginas</subfield>
  </datafield>
  <datafield tag="337" ind1=" " ind2=" ">
    <subfield code="a">texto</subfield>
  </datafield>
  <datafield tag="338" ind1=" " ind2=" ">
    <subfield code="a">sin medio</subfield>
  </datafield>
  <datafield tag="339" ind1=" " ind2=" ">
    <subfield code="a">volumen</subfield>
  </datafield>
  <datafield tag="500" ind1=" " ind2=" ">
    <subfield code="a">incluye &#xED;ndice
Bibliograf&#xED;a p.305</subfield>
  </datafield>
  <datafield tag="500" ind1=" " ind2=" ">
    <subfield code="a">Plan Flexible / Lic. en derecho / Medios alternativos de soluci&#xF3;n de controversias P26 / 14 004078 y 14 004079</subfield>
  </datafield>
  <datafield tag="505" ind1=" " ind2=" ">
    <subfield code="a">Introducci&#xF3;n
I. CONCEPTOS GENERALES SOBRE MEDIACI&#xD3;N
1. La mediaci&#xF3;n, &#xBF;qu&#xE9; es?
II. CONCEPTOS ESENCIALES PARA EL PROCESO DE MEDIACI&#xD3;N
2. La noci&#xF3;n de conflicto en mediaci&#xF3;n &#xBF;Conflictos o disputas? &#xBF;Conflictos Y disputas?
3. Comunicaci&#xF3;n en el proceso de mediaci&#xF3;n
4. De la neutralidad a la DeNeutralidad
III. FUNDAMENTACI&#xD3;N TE&#xD3;RICA DEL NUEVO MODELO CIRCULAR NARRATIVO DE SARA COBB
5. Fundamentaci&#xF3;n te&#xF3;rica del nuevo modelo Circular-Narrativo de mediaci&#xF3;n
IV. PARTE PR&#xC1;CTICA. LAS CUATRO ETAPAS DE UN ENCUENTRO DE MEDIACI&#xD3;N
6. Las cuatro etapas de un encuentro del proceso de mediaci&#xF3;n basado en el nuevo modelo
V. "T&#xC9;CNICAS" PARA UTILIZAR EN EL PROCESO DE MEDIACI&#xD3;N
7. Distintos tipos de t&#xE9;cnicas para ser utilizadas en proceso de mediaci&#xF3;n basados en el nuevo modelo circular-narrativo
8. Preguntando sobre el preguntar
9. Afirmando sobre microafirmaciones
10. Afirmando sobre miniafirmaciones
11. Afirmaciones sobre la t&#xE9;cnica de la historiaalternativa
12. Acerca de la macrot&#xE9;cnica del encuentro de mediaci&#xF3;n</subfield>
  </datafield>
  <datafield tag="650" ind1="1" ind2="0">
    <subfield code="a">MEDIACI&#xD3;N</subfield>
  </datafield>
  <datafield tag="942" ind1=" " ind2=" ">
    <subfield code="c">LB</subfield>
  </datafield>
  <datafield tag="952" ind1=" " ind2=" ">
    <subfield code="0">0</subfield>
    <subfield code="1">0</subfield>
    <subfield code="4">0</subfield>
    <subfield code="7">0</subfield>
    <subfield code="a">14</subfield>
    <subfield code="b">14</subfield>
    <subfield code="d">2013-10-08</subfield>
    <subfield code="l">4</subfield>
    <subfield code="m">1</subfield>
    <subfield code="o">HM136 S83 2010</subfield>
    <subfield code="p">14 004078</subfield>
    <subfield code="r">2018-05-29</subfield>
    <subfield code="s">2018-05-29</subfield>
    <subfield code="t">1</subfield>
    <subfield code="w">2013-10-17</subfield>
    <subfield code="y">LB</subfield>
  </datafield>
  <datafield tag="952" ind1=" " ind2=" ">
    <subfield code="0">0</subfield>
    <subfield code="1">0</subfield>
    <subfield code="4">0</subfield>
    <subfield code="7">0</subfield>
    <subfield code="a">14</subfield>
    <subfield code="b">14</subfield>
    <subfield code="d">2013-10-08</subfield>
    <subfield code="l">6</subfield>
    <subfield code="o">HM136 S83 2010</subfield>
    <subfield code="p">14 004079</subfield>
    <subfield code="r">2019-02-02</subfield>
    <subfield code="s">2019-02-02</subfield>
    <subfield code="t">2</subfield>
    <subfield code="w">2013-10-17</subfield>
    <subfield code="y">LB</subfield>
  </datafield>
  <datafield tag="952" ind1=" " ind2=" ">
    <subfield code="0">0</subfield>
    <subfield code="1">0</subfield>
    <subfield code="2">lcc</subfield>
    <subfield code="4">0</subfield>
    <subfield code="7">0</subfield>
    <subfield code="a">14</subfield>
    <subfield code="b">14</subfield>
    <subfield code="d">2014-02-25</subfield>
    <subfield code="l">0</subfield>
    <subfield code="o">HM136 S83 2010</subfield>
    <subfield code="p">14 001550</subfield>
    <subfield code="r">2014-06-03</subfield>
    <subfield code="t">3</subfield>
    <subfield code="w">2014-06-03</subfield>
    <subfield code="y">LB</subfield>
  </datafield>
  <datafield tag="999" ind1=" " ind2=" ">
    <subfield code="c">91052</subfield>
    <subfield code="d">91052</subfield>
  </datafield>
</record>
